Personnage Gintama - Statistics

General Stats
  • This quiz has been taken 77 times
  • The average score is 24 of 56
Answer Stats
# Personnage % Correct
1 Gintoki
100%
3 Kagura
95%
2 Shinpachi
95%
7 Katsura
89%
5 Hijikata
84%
4 Sougo
84%
6 Kondo
82%
8 Otae
82%
16 Elizabeth
75%
15 Madao
68%
26 O-Tsū
68%
17 Sadaharu
68%
21 Takasugi
67%
9 Yamazaki
63%
14 Sakamoto
61%
22 Kamui
60%
13 Catherine
58%
25 Tama
58%
44 Mitsuba Okita
56%
19 Tsukuyo
56%
12 Otose
54%
10 Sacchan
54%
40 Shogun
54%
18 Kyuubei
51%
47 Utsuro
49%
38 Umibôzu
46%
43 Mukuro
44%
46 Oboro
42%
50 Isaburo Sasaki
39%
39 Yoshida Shôyô
39%
55 Housen
35%
23 Bansai
33%
31 Matsudaira Katakuriko
33%
20 Prince Hata
33%
32 Mutsu
32%
24 Kijima Matako
26%
28 Gengai
25%
11 Zenzou
23%
49 Princesse Soyo
21%
30 Ketsuno Ana
19%
42 Seita
19%
52 Ikeda Asaemon
16%
34 Itou Kamotarou
16%
35 Okada Nizou
16%
51 Pirarin
16%
37 Takechi Henpeita
16%
54 Doromizu Jirochou
14%
29 Jugem Jugem
14%
48 Saitou Shimaru
14%
27 Toujou
14%
41 Hedoro
12%
33 Jii
12%
56 Kada
12%
53 Ikeda Yaemon
9%
36 Saigou
9%
45 Hideaki Sorachi
7%
No matching quizzes found
Score Distribution
Percent of People with Each Score
Percentile by Number Answered
Your Score History
You have not taken this quiz